[Event "23rd EUR-ch"]
[Site "Vrnjacka Banja SRB"]
[Date "2023.03.08"]
[Round "6.174"]
[White "Jandric, Damjan"]
[Black "Remolar Gallen, Jose"]
[Result "1-0"]
[WhiteElo "2104"]
[BlackElo "2290"]
[EventDate "2023.03.03"]
[PlyCount "109"]

1.e4 c5 2.Nc3 g6 3.d4 cxd4 4.Qxd4 Nf6 5.Nf3 Nc6 6.Qa4 d6 7.e5 dxe5 8.Nxe5 
Bg7 9.Bb5 O-O 10.Nxc6 bxc6 11.Bxc6 Bd7 12.O-O Bxc6 13.Qxc6 Rb8 14.Rd1 Qa5 
15.Qa4 Qf5 16.h3 Rfc8 17.a3 a5 18.Rd3 Rb7 19.Be3 Rxb2 20.Rad1 Rbb8 21.Nd5 
Bf8 22.c4 Ne4 23.Nb6 Re8 24.Rd5 Qe6 25.Qxa5 Bg7 26.R5d3 Be5 27.Qd5 Bc7 28.
Qxe6 fxe6 29.c5 Nxc5 30.Bxc5 Bxb6 31.Bb4 Rf8 32.Kh1 Rxf2 33.Bxe7 Re8 34.
Bh4 Ra2 35.Rc3 e5 36.Rd7 e4 37.Rb3 Ra1+ 38.Kh2 Bg1+ 39.Kg3 Rf1 40.Rbb7 Rf5
41.Rg7+ Kf8 42.Rxh7 Bd4 43.Be7+ Kg8 44.Bb4 e3 45.Rhe7 Be5+ 46.Kg4 Rc8 47.
h4 e2 48.Kh3 Ra8 49.g3 Raf8 50.Re6 g5 51.Rb5 Bxg3 52.Rxf5 Rxf5 53.Kxg3 
gxh4+ 54.Kxh4 Kf7 55.Rxe2 1-0

[Event "23rd EUR-ch"]
[Site "Vrnjacka Banja SRB"]
[Date "2023.03.08"]
[Round "6.175"]
[White "Pogorelsky, Sofia"]
[Black "Irizanin, Radoje"]
[Result "1/2-1/2"]
[WhiteElo "2102"]
[BlackElo "2288"]
[EventDate "2023.03.03"]
[PlyCount "172"]

1.e4 e6 2.d4 d5 3.Nc3 Bb4 4.e5 c5 5.a3 Bxc3+ 6.bxc3 Ne7 7.Qg4 Qc7 8.Bd3 
Nd7 9.Bd2 cxd4 10.cxd4 Nxe5 11.Qxg7 Nxd3+ 12.cxd3 Rg8 13.Qf6 Rg6 14.Qh8+ 
Rg8 15.Qf6 Rg6 16.Qh4 e5 17.Rc1 Qb6 18.Ne2 Bg4 19.f3 Bf5 20.Bb4 Re6 21.O-O
Bxd3 22.Rfe1 Bxe2 23.Bc5 Qa6 24.Qxh7 Rd8 25.dxe5 Bd3 26.Qh4 Bg6 27.Bd6 
Rdxd6 28.exd6 Qxd6 29.Qa4+ Nc6 30.Qb3 Qe7 31.Rxe6 fxe6 32.Re1 Kf7 33.f4 
Be4 34.Qb2 b6 35.Rc1 d4 36.Re1 Bg6 37.g4 Qc5 38.f5 d3+ 39.Kf1 exf5 40.Qb3+
Kg7 41.Qxd3 fxg4 42.Qd7+ Kh6 43.Qxg4 Qxa3 44.Qf4+ Kh5 45.Re3 Qc1+ 46.Kg2 
Qd2+ 47.Kf1 Qc1+ 48.Kg2 Qc2+ 49.Kg3 Bf5 50.Qf3+ Kg6 51.Rc3 Nd4 52.Rxc2 
Nxf3 53.Rc6+ Kg5 54.Kxf3 Bd3 55.Rd6 Bc4 56.h4+ Kh5 57.Kg3 Be2 58.Rd7 a5 
59.Rd5+ Kg6 60.Rd6+ Kh5 61.Rxb6 a4 62.Rb4 Bd1 63.Rb5+ Kg6 64.Rd5 Bb3 65.
h5+ Kh6 66.Ra5 a3 67.Kh4 a2 68.Ra6+ Kg7 69.Kg5 Bf7 70.h6+ Kh8 71.Ra8+ Kh7 
72.Ra7 Kh8 73.Kf6 Bd5 74.Kg5 Bf7 75.h7 a1=Q 76.Rxa1 Kxh7 77.Ra7 Kg8 78.Kf6
Bc4 79.Rg7+ Kh8 80.Kg6 Bb3 81.Rh7+ Kg8 82.Rc7 Kh8 83.Rc3 Bd5 84.Rh3+ Kg8 
85.Ra3 Kh8 86.Ra5 Bc4 1/2-1/2

[Event "23rd EUR-ch"]
[Site "Vrnjacka Banja SRB"]
[Date "2023.03.08"]
[Round "6.176"]
[White "Gunduz, Umut Erdem"]
[Black "Oliinyk, Serafim"]
[Result "1-0"]
[WhiteElo "2286"]
[BlackElo "2042"]
[EventDate "2023.03.03"]
[PlyCount "36"]

1.e4 e5 2.Nf3 Nc6 3.Bc4 Nf6 4.d3 h6 5.O-O d6 6.Nbd2 g5 7.c3 g4 8.Ne1 h5 9.
f4 exf4 10.Rxf4 Bh6 11.Rf1 h4 12.d4 d5 13.exd5 Be3+ 14.Kh1 Nh5 15.Rf2 Bxf2
16.Qe2+ Ne7 17.Qxf2 Nxd5 18.Ne4 Be6 1-0

[Event "23rd EUR-ch"]
[Site "Vrnjacka Banja SRB"]
[Date "2023.03.08"]
[Round "6.177"]
[White "Stanojevic, Ilija"]
[Black "Leszko, Bence"]
[Result "1-0"]
[WhiteElo "2096"]
[BlackElo "2283"]
[EventDate "2023.03.03"]
[PlyCount "79"]

1.d4 Nf6 2.c4 g6 3.g3 Bg7 4.Bg2 O-O 5.Nc3 d6 6.Nf3 c5 7.d5 e6 8.O-O exd5 
9.cxd5 Bf5 10.Nh4 Bg4 11.h3 Bd7 12.a4 Na6 13.e4 Nc7 14.Bf4 Nfe8 15.Nf3 b5 
16.e5 b4 17.Ne4 Bf5 18.Nxd6 Nxd6 19.exd6 Ne8 20.Ne5 Bxe5 21.Bxe5 Nxd6 22.
g4 Bc8 23.Rc1 Ba6 24.Re1 Rc8 25.Qf3 Ne8 26.b3 f6 27.Bb2 Ng7 28.Qg3 Bb7 29.
Bf1 Kh8 30.Bc4 Qd7 31.Rcd1 h6 32.d6 Rce8 33.Bb5 Rxe1+ 34.Rxe1 Qf7 35.Bc4 
Qd7 36.Re7 Qc6 37.f3 Qxf3 38.Qxf3 Bxf3 39.d7 Bc6 40.Bxf6 1-0

[Event "23rd EUR-ch"]
[Site "Vrnjacka Banja SRB"]
[Date "2023.03.08"]
[Round "6.179"]
[White "Kotyk, Michael"]
[Black "Kojovic, Dragan"]
[Result "0-1"]
[WhiteElo "2018"]
[BlackElo "2272"]
[EventDate "2023.03.03"]
[PlyCount "65"]

1.d4 Nf6 2.c4 c5 3.d5 b5 4.Qc2 b4 5.e4 d6 6.Nf3 Nbd7 7.b3 g6 8.Bb2 Bg7 9.
Nbd2 O-O 10.Bd3 e5 11.dxe6 fxe6 12.e5 dxe5 13.O-O-O a5 14.h4 Nh5 15.g4 Nf4
16.h5 Qf6 17.Be4 Ra7 18.hxg6 hxg6 19.g5 Qf7 20.Nh4 Bb7 21.Bxb7 Rxb7 22.Ne4
Qe7 23.Rhg1 Rfb8 24.Nf6+ Nxf6 25.gxf6 Qxf6 26.Nxg6 Nxg6 27.Rxg6 Qf4+ 28.
Kb1 Qf5 29.Rdg1 Rf8 30.Qxf5 Rxf5 31.f4 Kh7 32.R6g2 Rh5 33.fxe5 0-1

[Event "23rd EUR-ch"]
[Site "Vrnjacka Banja SRB"]
[Date "2023.03.08"]
[Round "6.180"]
[White "Savicevic, Vlatko"]
[Black "Lazic, Emanuel"]
[Result "1-0"]
[WhiteElo "2268"]
[BlackElo "2041"]
[EventDate "2023.03.03"]
[PlyCount "61"]

1.e4 c5 2.Nf3 d6 3.Nc3 Nf6 4.d4 cxd4 5.Nxd4 Nc6 6.Bg5 e6 7.Qd2 a6 8.O-O-O 
Bd7 9.f4 Be7 10.Nf3 b5 11.Bd3 b4 12.Ne2 Qb6 13.e5 Nd5 14.exd6 Bxg5 15.Nxg5
Ne3 16.Rde1 h6 17.Nf3 Nd5 18.Bc4 Nf6 19.Ng3 Na5 20.Ne5 O-O 21.Ne4 Nxe4 22.
Rxe4 Bc6 23.Rd4 Rad8 24.Rd1 Nb7 25.g4 Qc5 26.h4 a5 27.g5 hxg5 28.hxg5 Rfe8
29.d7 Re7 30.Qh2 f6 31.g6 1-0

[Event "23rd EUR-ch"]
[Site "Vrnjacka Banja SRB"]
[Date "2023.03.08"]
[Round "6.181"]
[White "Goroskov, Maksim"]
[Black "Arsenie, Cristian Marc"]
[Result "1-0"]
[WhiteElo "2265"]
[BlackElo "1971"]
[EventDate "2023.03.03"]
[PlyCount "115"]

1.c4 e5 2.Nc3 Nf6 3.g3 Bb4 4.Bg2 Bxc3 5.bxc3 Nc6 6.d4 exd4 7.cxd4 O-O 8.
Nf3 d5 9.cxd5 Qxd5 10.O-O Rd8 11.Bf4 Qa5 12.Qb3 Rb8 13.Ng5 Nd5 14.Bxc7 
Nxc7 15.Qxf7+ Kh8 16.Qh5 Bf5 17.Nf7+ Kg8 18.Nxd8 Rxd8 19.d5 Bg6 20.Qg5 
Nxd5 21.Rad1 Bf7 22.e4 h6 23.Qf5 g6 24.Qh3 Nc3 25.Rxd8+ Qxd8 26.Qxh6 Qd4 
27.Re1 Ne5 28.Qe3 Qxe3 29.Rxe3 Nxa2 30.f4 Nc4 31.Rd3 b5 32.Rd8+ Kg7 33.Rd7
b4 34.e5 Kf8 35.Rxa7 b3 36.Rxf7+ Kxf7 37.Bd5+ Ke7 38.Bxc4 Nc1 39.Bd5 b2 
40.Be4 g5 41.fxg5 Ne2+ 42.Kf2 Nc3 43.Bf5 b1=Q 44.Bxb1 Nxb1 45.Ke3 Nc3 46.
g6 Nd5+ 47.Ke4 Ke6 48.h4 Nc3+ 49.Kf4 Nd5+ 50.Kg5 Kxe5 51.h5 Nf6 52.g7 Ke6 
53.Kg6 Ng8 54.h6 Ne7+ 55.Kh7 Kf7 56.g4 Ng8 57.g5 Nxh6 58.gxh6 1-0

[Event "23rd EUR-ch"]
[Site "Vrnjacka Banja SRB"]
[Date "2023.03.08"]
[Round "6.182"]
[White "Stojanovic, Andjelija"]
[Black "Orian, Noga"]
[Result "1/2-1/2"]
[WhiteElo "2262"]
[BlackElo "1957"]
[EventDate "2023.03.03"]
[PlyCount "50"]

1.Nf3 d5 2.g3 c6 3.Bg2 Bf5 4.O-O e6 5.d3 h6 6.c4 Nf6 7.cxd5 exd5 8.Qb3 Qb6
9.Qc2 Be7 10.Nc3 Nbd7 11.e4 dxe4 12.dxe4 Bh7 13.Be3 Qa6 14.Rad1 O-O 15.
Rfe1 Rfd8 16.a3 b5 17.Qb3 Nc5 18.Bxc5 Bxc5 19.Ne5 Qb7 20.Rxd8+ Rxd8 21.Rd1
Rxd1+ 22.Qxd1 Qb6 23.Qd2 Qc7 24.Nd3 Bd4 25.Nb4 Bxc3 1/2-1/2

[Event "23rd EUR-ch"]
[Site "Vrnjacka Banja SRB"]
[Date "2023.03.08"]
[Round "6.183"]
[White "Cuzovic, Ognjen"]
[Black "Bouska, Jiri"]
[Result "0-1"]
[WhiteElo "2009"]
[BlackElo "2257"]
[EventDate "2023.03.03"]
[PlyCount "64"]

1.d4 Nf6 2.c4 g6 3.Nc3 Bg7 4.e4 d6 5.Nf3 O-O 6.Be2 e5 7.d5 a5 8.Bg5 h6 9.
Bh4 Na6 10.O-O Bd7 11.Nd2 Nc5 12.b3 Nfxe4 13.Bxd8 Nxc3 14.Qe1 Raxd8 15.a3 
e4 16.Rc1 Rde8 17.Rxc3 Bxc3 18.Qc1 Bd4 19.Kh1 f5 20.b4 axb4 21.axb4 Na4 
22.Nb3 Bg7 23.c5 Nc3 24.Bc4 b5 25.cxb6 cxb6 26.Re1 f4 27.Kg1 f3 28.Qd2 
fxg2 29.Nd4 e3 30.fxe3 Ne4 31.Qxg2 Ng5 32.Re2 Bh3 0-1

[Event "23rd EUR-ch"]
[Site "Vrnjacka Banja SRB"]
[Date "2023.03.08"]
[Round "6.184"]
[White "Gusev, Mikhail"]
[Black "Djuric, Stefan"]
[Result "0-1"]
[WhiteElo "2039"]
[BlackElo "2256"]
[EventDate "2023.03.03"]
[PlyCount "39"]

1.d4 g6 2.Nf3 Bg7 3.e4 c6 4.Nc3 d5 5.Be3 a6 6.Bd3 Bg4 7.O-O Nf6 8.e5 Nfd7 
9.h3 Bxf3 10.Qxf3 e6 11.Ne2 c5 12.c3 Nc6 13.Qg3 cxd4 14.cxd4 Qb6 15.a3 Qb3
16.Rfd1 Rc8 17.Bd2 Qxb2 18.Rab1 Qxa3 19.Rxb7 Qa4 20.Rc1 0-1

[Event "23rd EUR-ch"]
[Site "Vrnjacka Banja SRB"]
[Date "2023.03.08"]
[Round "6.185"]
[White "Dumbelovic, Novak"]
[Black "Toktomushev, Teimur"]
[Result "0-1"]
[WhiteElo "1948"]
[BlackElo "2255"]
[EventDate "2023.03.03"]
[PlyCount "102"]

1.e4 c5 2.Nf3 e6 3.d4 cxd4 4.Nxd4 a6 5.c4 Nf6 6.Nc3 Qc7 7.a3 b6 8.Be3 Bb7 
9.f3 Be7 10.Rc1 O-O 11.Be2 d6 12.O-O Nbd7 13.b4 Rac8 14.Qd2 Rfd8 15.Rc2 
Qb8 16.Rb1 h6 17.Qc1 Rc7 18.Na4 Rdc8 19.Kh1 b5 20.Nc3 bxc4 21.b5 Qa8 22.
Rcb2 d5 23.b6 Rc5 24.exd5 Nxd5 25.Nxd5 Rxd5 26.Rc2 Bc5 27.Bxc4 Rxd4 28.
Bxd4 Bxd4 29.Qf4 Bxb6 30.Rd2 Bc7 31.Qe3 Nf6 32.Rbd1 Ba5 33.Rc2 Bd5 34.Rdc1
Rxc4 35.Rxc4 Bxc4 36.Rxc4 Qd5 37.Qd4 Qxd4 38.Rxd4 Bc3 39.Rc4 Nd5 40.Kg1 
Kf8 41.Kf2 Ke7 42.Ke2 Bb2 43.a4 Bc3 44.Kd3 Bb4 45.Rd4 a5 46.Kc4 Ne3+ 47.
Kb5 Nxg2 48.Rg4 Ne1 49.Rxg7 Nxf3 50.h3 Ng5 51.h4 Kf8 0-1

[Event "23rd EUR-ch"]
[Site "Vrnjacka Banja SRB"]
[Date "2023.03.08"]
[Round "6.186"]
[White "Alfirevic, Duje"]
[Black "Ravic, Nenad"]
[Result "1/2-1/2"]
[WhiteElo "1924"]
[BlackElo "2238"]
[EventDate "2023.03.03"]
[PlyCount "79"]

1.e4 c5 2.Nf3 d6 3.Bb5+ Nc6 4.O-O Bd7 5.Re1 Nf6 6.c3 a6 7.Bf1 Bg4 8.d4 e5 
9.d5 Nb8 10.a4 Nbd7 11.a5 Be7 12.Nbd2 O-O 13.h3 Bh5 14.Nc4 Bg6 15.Bd3 Nh5 
16.Nh2 f5 17.exf5 Bf7 18.g4 Nf4 19.Bxf4 exf4 20.Qf3 Bf6 21.Qxf4 Ne5 22.
Nxe5 Bxe5 23.Qf3 Rc8 24.Bc4 g6 25.Nf1 gxf5 26.Ne3 fxg4 27.hxg4 Bg6 28.Qg2 
Rc7 29.Rad1 Rcf7 30.Re2 Qh4 31.Bd3 Rg7 32.Kf1 h5 33.Ke1 hxg4 34.Bxg6 Rxg6 
35.Kd2 Rf4 36.Rh1 Qg5 37.Kc2 Rh6 38.Ree1 Rxh1 39.Rxh1 Qf6 40.Kb3 1/2-1/2

[Event "23rd EUR-ch"]
[Site "Vrnjacka Banja SRB"]
[Date "2023.03.08"]
[Round "6.187"]
[White "Senel, Hayri Beyhun"]
[Black "Eric, Jovana"]
[Result "1/2-1/2"]
[WhiteElo "1904"]
[BlackElo "2230"]
[EventDate "2023.03.03"]
[PlyCount "112"]

1.d4 Nf6 2.Bf4 e6 3.Nf3 b6 4.e3 Bb7 5.c3 g6 6.h3 Bg7 7.Nbd2 d6 8.Bh2 Nbd7 
9.Bd3 O-O 10.O-O Qe7 11.Re1 e5 12.e4 Nh5 13.Qe2 a5 14.a4 Bh6 15.Nc4 Nf4 
16.Bxf4 Bxf4 17.Ne3 Nf6 18.dxe5 dxe5 19.Nd5 Nxd5 20.exd5 Bxd5 21.Nxe5 Rfe8
22.Ng4 Qd6 23.Qxe8+ Rxe8 24.Rxe8+ Kg7 25.Bf1 Be6 26.g3 h5 27.gxf4 hxg4 28.
hxg4 Qxf4 29.Bg2 Qxg4 30.Rd8 Bd7 31.f3 Qe6 32.Rd1 Bxa4 33.R1d4 Bc6 34.Kf2 
Qf5 35.Rd2 a4 36.c4 Qc5+ 37.R8d4 a3 38.bxa3 Qxa3 39.f4 Bxg2 40.Kxg2 Qc5 
41.Kf3 c6 42.Ke3 b5 43.cxb5 cxb5 44.Kd3 Qa3+ 45.Kc2 b4 46.Kb1 b3 47.R4d3 
Qa5 48.Kb2 Qa2+ 49.Kc3 Qb1 50.Rd4 Kf6 51.Rb2 Qg1 52.Rxb3 Qe3+ 53.Kc4 Qe2+ 
54.Kc3 Kf5 55.Kb4 Qe1+ 56.Kb5 Kg4 1/2-1/2

[Event "23rd EUR-ch"]
[Site "Vrnjacka Banja SRB"]
[Date "2023.03.08"]
[Round "6.188"]
[White "Djokic, Mihailo"]
[Black "Kochavi, Dana"]
[Result "1/2-1/2"]
[WhiteElo "2227"]
[BlackElo "1929"]
[EventDate "2023.03.03"]
[PlyCount "110"]

1.e4 c6 2.d4 d5 3.e5 Bf5 4.h4 a6 5.c4 e6 6.Nc3 h6 7.Be3 Nd7 8.Nge2 Ne7 9.
Ng3 Bh7 10.c5 Nf5 11.Nxf5 Bxf5 12.g4 Bg6 13.h5 Bh7 14.b4 b6 15.Qa4 b5 16.
Qd1 a5 17.a3 Be7 18.Be2 f6 19.f4 fxe5 20.dxe5 Bh4+ 21.Kf1 O-O 22.Kg2 axb4 
23.axb4 Rxa1 24.Qxa1 d4 25.Bxd4 Rxf4 26.Qd1 Be7 27.Bf3 Qc7 28.Re1 Kh8 29.
Qd2 Bg5 30.Qd1 Bc2 31.Qxc2 Rxd4 32.Qb3 Rd2+ 33.Re2 Rxe2+ 34.Nxe2 Qxe5 35.
Qd3 Nf6 36.Qd8+ Kh7 37.Qd4 Qc7 38.Qd3+ Kg8 39.Nd4 Nd5 40.Nxe6 Nf4+ 41.Nxf4
Qxf4 42.Qg6 Kf8 43.Qxc6 Qd2+ 44.Kh3 Bf4 45.Qa8+ Ke7 46.Qe4+ Kd8 47.Qa8+ 
Ke7 48.Qe4+ Kd8 49.Be2 Qe3+ 50.Qxe3 Bxe3 51.Bxb5 Bd2 52.Kg3 Bxb4 53.c6 Kc7
54.Kf4 Bc3 55.Kf5 Bb2 1/2-1/2

[Event "23rd EUR-ch"]
[Site "Vrnjacka Banja SRB"]
[Date "2023.03.08"]
[Round "6.189"]
[White "Rabrenovic, Vladan"]
[Black "Poupalos, Nikolaos"]
[Result "1-0"]
[WhiteElo "2223"]
[BlackElo "1906"]
[EventDate "2023.03.03"]
[PlyCount "67"]

1.d4 Nf6 2.Bf4 d5 3.e3 c5 4.c3 Nc6 5.Nd2 Bf5 6.Qb3 Qc8 7.c4 dxc4 8.Bxc4 e6
9.dxc5 Bxc5 10.Ngf3 O-O 11.Be2 Rd8 12.Rc1 Bb4 13.a3 Ba5 14.Qa4 e5 15.Bg3 
Nd4 16.Rxc8 Nxf3+ 17.Bxf3 Bxd2+ 18.Ke2 Raxc8 19.Bxe5 Bd7 20.Qd4 Ba5 21.
Bxf6 Bb5+ 22.Kd1 Ba4+ 23.Ke2 Rc2+ 24.Kd3 gxf6 25.Qxd8+ Bxd8 26.b3 Bxb3 27.
Rb1 Rxf2 28.Rxb3 b6 29.Rc3 Kf8 30.Rc8 Ke7 31.Ra8 a5 32.a4 Ra2 33.Bc6 Bc7 
34.Rh8 1-0

[Event "23rd EUR-ch"]
[Site "Vrnjacka Banja SRB"]
[Date "2023.03.08"]
[Round "6.191"]
[White "Zawadzka, Jolanta"]
[Black "Sitbon, Itay"]
[Result "1-0"]
[WhiteElo "2391"]
[BlackElo "2144"]
[EventDate "2023.03.03"]
[PlyCount "56"]

1.e4 c6 2.Nf3 d5 3.d3 g6 4.e5 Bg7 5.d4 Bg4 6.Nbd2 c5 7.c3 cxd4 8.cxd4 Nh6 
9.Bb5+ Bd7 10.Be2 O-O 11.O-O Qb6 12.Nb3 Ba4 13.Bf4 Nf5 14.g4 Nh6 15.Qd2 
Bxb3 16.axb3 Nxg4 17.h3 g5 18.Bxg5 f6 19.hxg4 fxg5 20.Qxg5 Nc6 21.Rad1 
Qxb3 22.Kg2 Qxb2 23.Bd3 Rxf3 24.Kxf3 Nxd4+ 25.Kg2 Nc6 26.e6 Qe5 27.Bf5 h6 
28.Qg6 d4 1-0

[Event "23rd EUR-ch"]
[Site "Vrnjacka Banja SRB"]
[Date "2023.03.08"]
[Round "6.192"]
[White "Bauer, Thomas"]
[Black "Bashirli, Nail"]
[Result "1-0"]
[WhiteElo "2151"]
[BlackElo "2343"]
[EventDate "2023.03.03"]
[PlyCount "53"]

1.e4 Nf6 2.e5 Nd5 3.Nc3 Nb6 4.a4 a5 5.d4 d6 6.Bf4 c6 7.exd6 exd6 8.Bd3 Be7
9.Qf3 O-O 10.Nge2 N8d7 11.g4 c5 12.Qh3 g6 13.O-O-O d5 14.Bb5 cxd4 15.Nxd4 
Nc5 16.Qg3 Bh4 17.Qg2 Bg5 18.Qg3 Ne6 19.Bxg5 Qxg5+ 20.Kb1 Nxd4 21.Rxd4 Be6
22.Qc7 Nc8 23.f3 Ne7 24.h4 Qf6 25.Rf4 Rac8 26.Qd6 Rcd8 27.Qxd8 1-0

[Event "23rd EUR-ch"]
[Site "Vrnjacka Banja SRB"]
[Date "2023.03.08"]
[Round "6.193"]
[White "Sahakian, Aleks"]
[Black "Kienboeck, Benjamin"]
[Result "1-0"]
[WhiteElo "2343"]
[BlackElo "2066"]
[EventDate "2023.03.03"]
[PlyCount "62"]

1.c4 Nf6 2.Nc3 e5 3.g3 Bb4 4.Bg2 O-O 5.e4 Nc6 6.Nge2 d6 7.d3 a6 8.O-O Bd7 
9.h3 Bc5 10.Kh2 Nd4 11.f4 b5 12.f5 c6 13.g4 h6 14.Ng3 Ba7 15.Bd2 Rc8 16.
Qc1 Nh7 17.Nh5 f6 18.h4 Be8 19.Ng3 Bf7 20.b3 Bb8 21.Nh1 d5 22.Nf2 bxc4 23.
bxc4 dxc4 24.dxc4 Bxc4 25.Re1 Bf7 26.Nh3 Qd6 27.Ne2 c5 28.g5 fxg5 29.hxg5 
hxg5 30.Nxg5 Qh6+ 31.Kg3 Qh5 1-0

[Event "23rd EUR-ch"]
[Site "Vrnjacka Banja SRB"]
[Date "2023.03.08"]
[Round "6.194"]
[White "Petrovic, Dragan R."]
[Black "Van Foreest, Machteld"]
[Result "0-1"]
[WhiteElo "2141"]
[BlackElo "2341"]
[EventDate "2023.03.03"]
[PlyCount "90"]

1.Nf3 Nf6 2.c4 e6 3.b3 d5 4.Bb2 Bd6 5.e3 O-O 6.d4 b6 7.Nbd2 Bb7 8.Be2 Ne4 
9.O-O f5 10.Rc1 Nd7 11.cxd5 exd5 12.Ne5 Ndf6 13.Nb1 Qe7 14.f3 Ng5 15.Bd3 
Nd7 16.f4 Ne4 17.Nc3 Ndf6 18.Qe2 c6 19.a4 Rac8 20.Rc2 Rc7 21.Rfc1 Rfc8 22.
h3 Ne8 23.Nxe4 fxe4 24.Ba6 Bxa6 25.Qxa6 c5 26.Qb5 Nf6 27.Qe2 Qe8 28.Ba3 
cxd4 29.Rxc7 Rxc7 30.exd4 Rxc1+ 31.Bxc1 Qc8 32.Bb2 Bb4 33.Kh2 h6 34.g4 e3 
35.g5 hxg5 36.fxg5 Ne4 37.h4 Bd6 38.Qh5 Qc2+ 39.Kh3 Nf2+ 40.Kg3 Ne4+ 41.
Kh3 Nf2+ 42.Kg3 g6 43.Qf3 Bxe5+ 44.dxe5 Ne4+ 45.Kh3 Qxb2 0-1

[Event "23rd EUR-ch"]
[Site "Vrnjacka Banja SRB"]
[Date "2023.03.08"]
[Round "6.195"]
[White "Nikolaidis, Konstantinos"]
[Black "Ciorgovean, Iustin"]
[Result "0-1"]
[WhiteElo "2133"]
[BlackElo "2325"]
[EventDate "2023.03.03"]
[PlyCount "68"]

1.e4 c5 2.Nf3 d6 3.Bb5+ Nd7 4.c3 Nf6 5.Qe2 a6 6.Ba4 b5 7.Bc2 Bb7 8.O-O g6 
9.d4 Bg7 10.a4 O-O 11.d5 Re8 12.Rd1 Qb6 13.axb5 axb5 14.Rxa8 Rxa8 15.Bf4 
b4 16.c4 Nh5 17.Bc1 Ra2 18.Nbd2 Bc8 19.Nb3 Qc7 20.Bb1 Ra8 21.Ng5 Ne5 22.f4
Bg4 23.Nf3 Nxf3+ 24.gxf3 Bd7 25.f5 Ba4 26.Bc2 Bxb3 27.Bxb3 Be5 28.Kh1 Ra1 
29.Rg1 Bf4 30.Be3 Qa7 31.Bd1 Qa2 32.Bxf4 Nxf4 33.Qd2 Nh3 34.Re1 Qxc4 0-1

[Event "23rd EUR-ch"]
[Site "Vrnjacka Banja SRB"]
[Date "2023.03.08"]
[Round "6.196"]
[White "Bashylina, Luisa"]
[Black "Ivanovic, Marko"]
[Result "0-1"]
[WhiteElo "2127"]
[BlackElo "2302"]
[EventDate "2023.03.03"]
[PlyCount "80"]

1.d4 Nf6 2.c4 g6 3.Nc3 Bg7 4.e4 d6 5.Be2 O-O 6.Be3 Nc6 7.d5 Ne5 8.Rc1 e6 
9.Nf3 Nxf3+ 10.Bxf3 exd5 11.cxd5 Re8 12.O-O a6 13.Re1 Nd7 14.Be2 Nc5 15.
Qc2 a5 16.a3 Bd7 17.Bxc5 dxc5 18.Nb5 Bf8 19.Bc4 Bd6 20.g3 f5 21.e5 Rxe5 
22.Rxe5 Bxb5 23.Re2 Bd7 24.Qd3 Be8 25.f4 Bf7 26.Qb3 b6 27.Rce1 Qf6 28.Kh1 
Rd8 29.a4 h6 30.Qf3 g5 31.fxg5 hxg5 32.g4 f4 33.h4 gxh4 34.g5 Qf5 35.b3 
Kg7 36.Kh2 Rh8 37.Re6 Kf8 38.Kh1 Rg8 39.R6e2 Rxg5 40.Bd3 Qxd5 0-1

[Event "23rd EUR-ch"]
[Site "Vrnjacka Banja SRB"]
[Date "2023.03.08"]
[Round "6.197"]
[White "Gkavardinas, Antonios"]
[Black "Todorovic, Goran N."]
[Result "1/2-1/2"]
[WhiteElo "2121"]
[BlackElo "2296"]
[EventDate "2023.03.03"]
[PlyCount "146"]

1.e4 e5 2.Nf3 Nc6 3.Bc4 Nf6 4.d3 h6 5.Nbd2 d6 6.c3 g6 7.O-O Bg7 8.a4 a5 9.
Re1 O-O 10.Nf1 Bd7 11.Ng3 Qe7 12.h3 Nh7 13.d4 Nd8 14.Be3 Ne6 15.Qd2 h5 16.
Bb3 Rad8 17.Rad1 Bc8 18.Bc2 Qf6 19.Ne2 b6 20.d5 Nc5 21.b4 Nb7 22.Ng5 Qe7 
23.Nxh7 Kxh7 24.f4 exf4 25.Bxf4 Bd7 26.Nd4 Be5 27.Nc6 Qe8 28.Nxd8 Qxd8 29.
Bxe5 dxe5 30.Rf1 Qe7 31.Rf3 f6 32.Kh1 Kg7 33.Rb1 Qe8 34.Qd1 Qe7 35.Rg3 h4 
36.Rf3 f5 37.exf5 gxf5 38.Qe2 Qd6 39.Qf2 Qf6 40.Re1 f4 41.Qe2 Re8 42.Qc4 
Qd6 43.Rf2 Nd8 44.Qd3 Rh8 45.bxa5 bxa5 46.c4 Nf7 47.Qc3 Qb4 48.Qxb4 axb4 
49.a5 Rb8 50.Bb3 Ra8 51.Ra2 Kf6 52.a6 Ra7 53.Kg1 Nd6 54.c5 Nf5 55.c6 Bc8 
56.Kf2 Nd4 57.Bc4 Bf5 58.Ra4 b3 59.Rb4 e4 60.Rb7 Ra8 61.a7 b2 62.Rxb2 Rxa7
63.Ra2 e3+ 64.Kg1 Rxa2 65.Bxa2 Ke5 66.Bc4 Be4 67.Ra1 Kd6 68.Ra8 f3 69.Rd8+
Kc5 70.gxf3 Nxf3+ 71.Kf1 Nd2+ 72.Ke2 Nxc4 73.Rd7 Kb6 1/2-1/2

[Event "23rd EUR-ch"]
[Site "Vrnjacka Banja SRB"]
[Date "2023.03.08"]
[Round "6.198"]
[White "Hamiti, Gani"]
[Black "Krasteva, Beloslava"]
[Result "1/2-1/2"]
[WhiteElo "2112"]
[BlackElo "2292"]
[EventDate "2023.03.03"]
[PlyCount "45"]

1.e4 c5 2.Nc3 d6 3.f4 Nc6 4.Nf3 g6 5.Bb5 Bd7 6.Bc4 Bg7 7.O-O a6 8.a4 Nd4 
9.Nxd4 cxd4 10.Ne2 e6 11.d3 Ne7 12.Bb3 O-O 13.Qe1 Qb6 14.Qh4 Rad8 15.Ng3 
f5 16.exf5 Nxf5 17.Nxf5 gxf5 18.Bd2 Rf6 19.Rf3 Rh6 20.Qg5 Kh8 21.Rg3 Rg6 
22.Qh5 Rxg3 23.hxg3 1/2-1/2

[Event "23rd EUR-ch"]
[Site "Vrnjacka Banja SRB"]
[Date "2023.03.08"]
[Round "6.199"]
[White "Kisic, Bozidar"]
[Black "Pousada Garcia, Daniel"]
[Result "0-1"]
[WhiteElo "2283"]
[BlackElo "2050"]
[EventDate "2023.03.03"]
[PlyCount "82"]

1.d4 Nf6 2.Nf3 e6 3.c4 d5 4.Qc2 Be7 5.g3 O-O 6.Bg2 dxc4 7.Qxc4 a6 8.O-O b5
9.Qc2 Bb7 10.Bf4 Bd6 11.Nbd2 Nbd7 12.Nb3 Be4 13.Qd2 Nd5 14.Bxd6 cxd6 15.
Rfc1 N7b6 16.Na5 Qd7 17.Qg5 h6 18.Qh4 f5 19.Nd2 Bxg2 20.Kxg2 Rac8 21.e4 
Nb4 22.Rxc8 Qxc8 23.Qe7 fxe4 24.Nxe4 Nd3 25.Qxd6 Qc2 26.Qxe6+ Kh8 27.Rf1 
Qe2 28.Nc6 Nxf2 29.Kg1 Nd5 30.Ne5 Nh3+ 31.Qxh3 Rxf1+ 32.Qxf1 Qxe4 33.Qd3 
Qe1+ 34.Kg2 Ne3+ 35.Kf3 Nd5 36.Kg2 Ne3+ 37.Kh3 Qf2 38.Ng6+ Kg8 39.Ne7+ Kf7
40.Qg6+ Kxe7 41.Qxg7+ Qf7 0-1

[Event "23rd EUR-ch"]
[Site "Vrnjacka Banja SRB"]
[Date "2023.03.08"]
[Round "6.200"]
[White "Korkmaz, Necmettin"]
[Black "Ozsakallioglu, Okan"]
[Result "1/2-1/2"]
[WhiteElo "2106"]
[BlackElo "2264"]
[EventDate "2023.03.03"]
[PlyCount "32"]

1.e4 c5 2.Nf3 d6 3.Bb5+ Nd7 4.a4 Nf6 5.Nc3 g6 6.a5 a6 7.Be2 Bg7 8.O-O O-O 
9.d3 e5 10.Bg5 h6 11.Bd2 Nb8 12.Na4 Nc6 13.Nb6 Rb8 14.c4 Be6 15.Re1 Nd7 
16.Nd5 Nd4 1/2-1/2

[Event "23rd EUR-ch"]
[Site "Vrnjacka Banja SRB"]
[Date "2023.03.08"]
[Round "6.201"]
[White "Pantic, Ivica"]
[Black "Sredojevic, Ivan"]
[Result "1/2-1/2"]
[WhiteElo "2091"]
[BlackElo "2255"]
[EventDate "2023.03.03"]
[PlyCount "26"]

1.Nf3 c5 2.c4 b6 3.Nc3 Bb7 4.e3 g6 5.d4 Bg7 6.d5 Nf6 7.Bd3 O-O 8.e4 e6 9.
O-O exd5 10.exd5 d6 11.h3 Na6 12.Bf4 Nc7 13.Qd2 a6 1/2-1/2

[Event "23rd EUR-ch"]
[Site "Vrnjacka Banja SRB"]
[Date "2023.03.08"]
[Round "6.202"]
[White "Khandelwal, Ankush"]
[Black "Pantovic, Dragan M."]
[Result "1-0"]
[WhiteElo "2255"]
[BlackElo "2038"]
[EventDate "2023.03.03"]
[PlyCount "79"]

1.e4 e5 2.Nf3 Nc6 3.d4 exd4 4.Nxd4 Nf6 5.Nxc6 bxc6 6.e5 Qe7 7.Qe2 Nd5 8.g3
f6 9.c4 Ba6 10.e6 O-O-O 11.Bh3 Qb4+ 12.Nd2 Nb6 13.exd7+ Nxd7 14.O-O Bd6 
15.Re1 Kb8 16.a3 Qc5 17.b3 Ne5 18.Bb2 Rhe8 19.Ne4 Qb6 20.Nxd6 cxd6 21.Bg2 
Bb7 22.Qc2 c5 23.Bxb7 Qxb7 24.Bxe5 Rxe5 25.Qxh7 g5 26.Qg6 Qe7 27.Reb1 f5 
28.b4 Ka8 29.bxc5 Rxc5 30.Rb4 Re5 31.Kg2 f4 32.Qd3 d5 33.Rab1 Rf8 34.Qb3 
Qc7 35.cxd5 f3+ 36.Kf1 Qc8 37.g4 Re2 38.Rb7 Rc2 39.Rxa7+ Kxa7 40.Qb6+ 1-0

[Event "23rd EUR-ch"]
[Site "Vrnjacka Banja SRB"]
[Date "2023.03.08"]
[Round "6.203"]
[White "Konstantinidis, Konstantinos"]
[Black "Zadravec, Matija"]
[Result "1/2-1/2"]
[WhiteElo "2047"]
[BlackElo "2248"]
[EventDate "2023.03.03"]
[PlyCount "90"]

1.e4 e5 2.Nf3 Nc6 3.Bb5 Nge7 4.Nc3 g6 5.d4 exd4 6.Nd5 Bg7 7.Bg5 h6 8.Bf6 
Bxf6 9.Nxf6+ Kf8 10.Qd2 d5 11.Bxc6 Nxc6 12.Nxd5 Bf5 13.Nxd4 Bxe4 14.Nxc6 
Qxd5 15.Qc3 Rh7 16.Nb4 Qg5 17.f3 Qxg2 18.O-O-O Qxf3 19.Qc5+ Kg8 20.Rhf1 
Qh3 21.Qxc7 Qc8 22.Qe5 Qe8 23.Qf6 a5 24.Nd5 Ra6 25.Qf4 f5 26.Nc3 Re6 27.
Rd4 Rd7 28.Rxd7 Qxd7 29.Qxh6 Bc6 30.h4 Qg7 31.Qd2 Qd7 32.Qg5 Qe7 33.Rxf5 
Kh7 34.Qxe7+ Rxe7 35.Rf4 Re1+ 36.Kd2 Rh1 37.Ne2 Kh6 38.a4 Rh3 39.Nd4 Bxa4 
40.Nf5+ gxf5 41.Rxa4 b6 42.Rd4 Kh5 43.Rf4 Kg6 44.Rd4 Kh5 45.Rf4 Kg6 
1/2-1/2